Religious Life. Life of courageous Souls (Record no. 37699)

MARC details
000 -LEADER
fixed length control field 01217nam a22001817a 4500
003 - CONTROL NUMBER IDENTIFIER
control field IT-RoPau
005 - DATE AND TIME OF LATEST TRANSACTION
control field 20220918175937.0
008 - FIXED-LENGTH DATA ELEMENTS--GENERAL INFORMATION
fixed length control field 121219b xxu||||| |||| 00| 0 eng d
040 ## - CATALOGING SOURCE
Transcribing agency IT-RoPau
100 ## - MAIN ENTRY--PERSONAL NAME
Personal name James [Giacomo] Alberione
Fuller form of name Fondatore Famiglia Paolina
9 (RLIN) 88
245 ## - TITLE STATEMENT
Title Religious Life. Life of courageous Souls
Remainder of title Extracts from Meditations and conference of. Very Rev. James Alberione, SSP., S.T.D. to the religious of his five congregation. Compiled and Translated from the Italian by Daughters of St. Paul
250 ## - EDITION STATEMENT
Edition statement I
260 ## - PUBLICATION, DISTRIBUTION, ETC. (IMPRINT)
Place of publication, distribution, etc. Boston
Name of publisher, distributor, etc. FSP
Date of publication, distribution, etc. 1957
300 ## - PHYSICAL DESCRIPTION
Extent 107 p.
Dimensions 21,5 cm
490 ## - SERIES STATEMENT
Series statement I
Volume/sequential designation I
520 ## - SUMMARY, ETC.
Summary, etc. CONTENTS<br/><br/>The Religious State<br/>Living Virtues<br/>The True Vocation<br/>Means of Santification<br/>Evangelical Poverty<br/>Heroic Chastity <br/>Total Obedience<br/>Community Life<br/>Christ's Reward to his Followers<br/>Religious Fortitude<br/>Holy Joy<br/>The Apostolical Soul<br/>Sanctification of the Mind<br/>Mary, Queen of Apostles<br/>"The Hundredfold" - Superabundance<br/>Holy Father's Prayer for Vocations<br/>Archbishop Cushing's Prayer for Vocations<br/>Chaplet to Jesus,the Divine Master<br/>Prayer for Vocations to Mary,Queen of Apostles<br/>Consecration to Mary Most Holy, Queen of Apostles
942 ## - ADDED ENTRY ELEMENTS (KOHA)
Source of classification or shelving scheme Dewey Decimal Classification
Koha item type LIBRO
Holdings
Withdrawn status Lost status Source of classification or shelving scheme Damaged status Not for loan Home library Current library Date acquired Total Checkouts Full call number Date last seen Price effective from Koha item type
    Dewey Decimal Classification Buone Condizioni Not For Loan PAULUS-BIBLIOTECA PAULUS-BIBLIOTECA 19/12/2012   P A8 19/12/2012 19/12/2012 LIBRO
CREDITS: SOCIETA' SAN PAOLO Via A.Severo, 58 - ROMA (RM) & PERIODICI SAN PAOLO SRL Via Giotto, 36 MILANO & CISF Via Giotto, 36 MILANO & EDIZIONI SAN PAOLO SRL,  Piazza Soncino, 5 CINISELLO BALSAMO (MI) -- ITALY